000 00351nam a2200133Ia 4500
008 240624s9999 xx 000 0 und d
041 _aeng
082 _a133.902 MAR
100 _aMARTIN JOEL
245 _aEDISON VS TESLA THE BATTLE OVER THEIR LA
260 _c2017
_aNew York
_bSKYHORSE PUBLISHING
300 _axix, 266 p.; 23 cm.
365 _c
_b33
999 _c32192
_d32192